| 000 | 00455nam a2200181Ia 4500 | ||
|---|---|---|---|
| 008 | 240925s9999 xx 000 0 und d | ||
| 020 | _a192818503 | ||
| 082 | _a891.733 DOS | ||
| 100 | _aDostoevsky, Fyodor | ||
| 245 | 0 | _aDevils | |
| 250 | _aNA | ||
| 260 |
_aOxford: _bOxford University _c,1992. |
||
| 300 |
_axlii,373p. _bNA _fOriginal |
||
| 500 | _aIncludes Reference | ||
| 600 | _aHumanities & Natural Science | ||
| 650 | _aLiterature | ||
| 942 | _cBK | ||
| 999 |
_c2871 _d2871 |
||